[Event "EYCC 2017"]
[Site "Mamaia"]
[Date "2017.09.09"]
[Round "5"]
[White "Rogozenco, Teodora"]
[Black "Korchagina, Alena"]
[Result "0-1"]
[WhiteElo "2024"]
[BlackElo "2158"]
[Annotator "NA"]
[PlyCount "80"]
[EventDate "2017.??.??"]
[EventType "swiss"]
[EventCountry "ROU"]
[SourceTitle "playchess.com"]
[Source "ChessBase"]
[SourceQuality "1"]
[TimeControl "40/5400+30:1800+30"]

1. d4 {[%emt 0:00:00]} d5 {[%emt 0:00:08]} 2. c4 {[%emt 0:00:00]} dxc4 {[%emt 0:00:05]} 3. Nf3 {[%emt 0:04:55]} a6 {[%emt 0:00:24]} 4. e3 {[%emt 0:04:28]} Bg4 {[%emt 0:00:39]} 5. Bxc4 {[%emt 0:02:11]} e6 {[%emt 0:00:06]} 6. O-O {[%emt 0:00:24]} Nc6 {[%emt 0:00:34]} 7. a3 {[%emt 0:09:49]} Nf6 {[%emt 0:00:33]} 8. b4 {[%emt 0:00:32]} Bd6 {[%emt 0:01:16]} 9. Bb2 {[%emt 0:01:03]} O-O {[%emt 0:00:46]} 10. Nbd2 {[%emt 0:05:48]} Qe7 {[%emt 0:04:20]} 11. Qc2 {[%emt 0:08:24]} Rad8 {[%emt 0:06:07]} 12. e4 {[%emt 0:06:47]} e5 {[%emt 0:04:17]} 13. d5 {[%emt 0:00:35]} Nb8 {[%emt 0:00:10]} 14. Be2 {[%emt 0:13:15]} c6 {[%emt 0:21:50]} 15. dxc6 {[%emt 0:05:41]} Rc8 {[%emt 0:04:37]} 16. h3 {[%emt 0:15:35]} Bxf3 {[%emt 0:00:35]} 17. Nxf3 {[%emt 0:00:22]} Nxc6 {[%emt 0:00:10]} 18. Qd3 {[%emt 0:00:50]} Rfd8 {[%emt 0:06:34]} 19. Qe3 {[%emt 0:00:16]} Bb8 {[%emt 0:00:53]} 20. Rac1 {[%emt 0:04:54]} Ba7 {[%emt 0:12:39]} 21. Qg5 {[%emt 0:00:29]} Nxe4 {[%emt 0:03:40]} 22. Qxe7 {[%emt 0:04:05]} Nxe7 {[%emt 0:00:05]} 23. Rxc8 {[%emt 0:09:30]} Rxc8 {[%emt 0:00:25]} 24. Bd3 {[%emt 0:00:19]} Ng3 {[%emt 0:03:54]} 25. Re1 {[%emt 0:00:16]} f6 {[%emt 0:00:40]} 26. Bb1 {[%emt 0:01:51]} Kf8 {[%emt 0:03:48]} 27. Nd2 {[%emt 0:00:37]} Rd8 {[%emt 0:04:22]} 28. Bc1 {[%emt 0:00:12]} g6 {[%emt 0:14:07]} 29. Nc4 {[%emt 0:00:20]} Ne2+ {[%emt 0:01:04]} 30. Kf1 {[%emt 0:00:56]} Nxc1 {[%emt 0:00:46]} 31. Rxc1 {[%emt 0:00:05]} Rc8 {[%emt 0:01:10]} 32. Rc2 {[%emt 0:00:12]} b5 {[%emt 0:00:55]} 33. Nd2 {[%emt 0:00:37]} Rxc2 {[%emt 0:00:23]} 34. Bxc2 {[%emt 0:00:06]} Nf5 {[%emt 0:02:59]} 35. Nb3 {[%emt 0:01:25]} Nd6 {[%emt 0:01:25]} 36. Bd3 {[%emt 0:00:33]} Nc4 {[%emt 0:01:12]} 37. Bxc4 {[%emt 0:00:27]} bxc4 {[%emt 0:00:00]} 38. Na5 {[%emt 0:00:12]} c3 {[%emt 0:00:28]} 39. f3 {[%emt 0:00:41]} c2 {[%emt 0:00:26]} 40. Nb3 {[%emt 0:00:00]} Be3 {[%emt 0:00:05]} 0-1

[Event "EYCC 2017"]
[Site "Mamaia"]
[Date "2017.09.09"]
[Round "5"]
[White "Fiszer, Bartosz"]
[Black "Mogirzan, Matei-Valeriu"]
[Result "1-0"]
[WhiteElo "2009"]
[BlackElo "1575"]
[Annotator "NA"]
[PlyCount "69"]
[EventDate "2017.??.??"]
[EventType "swiss"]
[EventCountry "ROU"]
[SourceTitle "playchess.com"]
[Source "ChessBase"]
[SourceQuality "1"]
[TimeControl "40/5400+30:1800+30"]

1. e4 {[%emt 0:00:00]} c5 {[%emt 0:00:01]} 2. Nf3 {[%emt 0:00:00]} e6 {[%emt 0:00:04]} 3. d4 {[%emt 0:00:00]} cxd4 {[%emt 0:00:03]} 4. Nxd4 {[%emt 0:00:09]} a6 {[%emt 0:00:01]} 5. c4 {[%emt 0:00:09]} Nf6 {[%emt 0:00:07]} 6. Nc3 {[%emt 0:00:49]} Qc7 {[%emt 0:00:09]} 7. Be2 {[%emt 0:00:23]} Bb4 {[%emt 0:00:29]} 8. O-O {[%emt 0:05:41]} d6 {[%emt 0:01:50]} 9. f3 {[%emt 0:09:35]} Bxc3 {[%emt 0:01:15]} 10. bxc3 {[%emt 0:00:07]} Nbd7 {[%emt 0:00:35]} 11. Bg5 {[%emt 0:00:27]} O-O {[%emt 0:00:46]} 12. Qd2 {[%emt 0:00:42]} Re8 {[%emt 0:06:28]} 13. Rfe1 {[%emt 0:23:47]} b6 {[%emt 0:01:17]} 14. Nb3 {[%emt 0:01:21]} Bb7 {[%emt 0:00:42]} 15. Bf4 {[%emt 0:00:37]} Ne5 {[%emt 0:01:22]} 16. Rad1 {[%emt 0:04:52]} Rad8 {[%emt 0:01:06]} 17. Bxe5 {[%emt 0:01:29]} dxe5 {[%emt 0:00:13]} 18. Qe3 {[%emt 0:00:41]} Nh5 {[%emt 0:06:37]} 19. c5 {[%emt 0:03:41]} b5 {[%emt 0:08:50]} 20. c4 {[%emt 0:05:58]} b4 {[%emt 0:02:16]} 21. a3 {[%emt 0:00:19]} bxa3 {[%emt 0:00:43]} 22. Ra1 {[%emt 0:00:15]} Rd7 {[%emt 0:04:04]} 23. g3 {[%emt 0:01:41]} Red8 {[%emt 0:01:17]} 24. Rxa3 {[%emt 0:02:18]} Nf6 {[%emt 0:07:13]} 25. Rb1 {[%emt 0:03:06]} Bc8 26. Ra2 {[%emt 0:01:40]} Rd4 {[%emt 0:13:13]} 27. Nxd4 {[%emt 0:04:49]} exd4 {[%emt 0:00:49]} 28. Qa3 {[%emt 0:00:15]} d3 {[%emt 0:05:59]} 29. Bxd3 {[%emt 0:02:56]} e5 {[%emt 0:00:27]} 30. Be2 {[%emt 0:02:37]} h5 {[%emt 0:01:52]} 31. Qa5 {[%emt 0:00:50]} Qe7 {[%emt 0:00:25]} 32. Rd1 {[%emt 0:02:23]} Rxd1+ {[%emt 0:00:16]} 33. Bxd1 {[%emt 0:00:08]} h4 {[%emt 0:00:10]} 34. Rd2 {[%emt 0:00:17]} Bh3 {[%emt 0:00:24]} 35. Qd8+ 1-0

[Event "EYCC 2017"]
[Site "Mamaia"]
[Date "2017.09.09"]
[Round "5"]
[White "Srdanovic, Jovana"]
[Black "Beydullayeva, Govhar"]
[Result "0-1"]
[WhiteElo "1994"]
[BlackElo "2164"]
[Annotator "NA"]
[PlyCount "72"]
[EventDate "2017.??.??"]
[EventType "swiss"]
[EventCountry "ROU"]
[SourceTitle "playchess.com"]
[Source "ChessBase"]
[SourceQuality "1"]
[TimeControl "40/5400+30:1800+30"]

1. d4 {[%emt 0:00:00]} d5 {[%emt 0:00:10]} 2. Bf4 {[%emt 0:00:00]} c5 {[%emt 0:00:08]} 3. e3 {[%emt 0:00:00]} Nc6 {[%emt 0:00:12]} 4. c3 {[%emt 0:00:42]} f6 {[%emt 0:00:17]} 5. Bb5 {[%emt 0:17:16]} a6 {[%emt 0:13:02]} 6. Bxc6+ {[%emt 0:02:26]} bxc6 {[%emt 0:00:03]} 7. Nd2 {[%emt 0:00:50]} g6 {[%emt 0:11:26]} 8. Ngf3 {[%emt 0:04:20]} Nh6 {[%emt 0:05:32]} 9. e4 {[%emt 0:09:06]} Nf7 {[%emt 0:16:31]} 10. O-O {[%emt 0:01:47]} Bg7 {[%emt 0:02:04]} 11. exd5 {[%emt 0:04:57]} cxd5 {[%emt 0:01:18]} 12. Re1 {[%emt 0:02:31]} O-O {[%emt 0:02:35]} 13. Nb3 {[%emt 0:02:44]} cxd4 {[%emt 0:04:52]} 14. cxd4 {[%emt 0:00:56]} Re8 {[%emt 0:00:21]} 15. Rc1 {[%emt 0:06:43]} e5 {[%emt 0:00:34]} 16. Bd2 {[%emt 0:01:09]} e4 {[%emt 0:00:27]} 17. Ba5 {[%emt 0:00:07]} Qd6 {[%emt 0:02:08]} 18. Nfd2 {[%emt 0:01:02]} f5 {[%emt 0:02:14]} 19. Nb1 {[%emt 0:06:26]} Ng5 {[%emt 0:15:19]} 20. Qc2 {[%emt 0:12:11]} Ne6 {[%emt 0:03:00]} 21. Qd2 {[%emt 0:02:41]} Bf6 {[%emt 0:01:40]} 22. Rc3 {[%emt 0:00:41]} Bd7 {[%emt 0:00:30]} 23. Na3 {[%emt 0:01:04]} f4 {[%emt 0:05:38]} 24. Nc2 {[%emt 0:03:37]} Bb5 {[%emt 0:03:38]} 25. Nc5 {[%emt 0:00:50]} Bg5 {[%emt 0:02:08]} 26. Qd1 {[%emt 0:05:17]} Rac8 {[%emt 0:03:26]} 27. Bb4 {[%emt 0:00:51]} Nxc5 {[%emt 0:00:28]} 28. Bxc5 {[%emt 0:00:28]} Qe6 {[%emt 0:00:28]} 29. Na3 {[%emt 0:01:02]} Bd7 {[%emt 0:00:55]} 30. Qe2 {[%emt 0:01:50]} Qf6 {[%emt 0:00:34]} 31. Rb3 {[%emt 0:01:12]} f3 {[%emt 0:00:36]} 32. Qf1 {[%emt 0:00:17]} Bg4 {[%emt 0:01:09]} 33. Rb6 {[%emt 0:01:17]} Qf5 {[%emt 0:00:25]} 34. g3 {[%emt 0:03:02]} e3 {[%emt 0:00:31]} 35. Qxa6 {[%emt 0:01:43]} exf2+ {[%emt 0:00:30]} 36. Kxf2 {[%emt 0:00:04]} Rxe1 {[%emt 0:00:05]} 0-1

[Event "EYCC 2017"]
[Site "Mamaia"]
[Date "2017.09.09"]
[Round "5"]
[White "Vilcu, Matei-Stefan"]
[Black "Murzin, Volodar"]
[Result "0-1"]
[WhiteElo "1977"]
[BlackElo "2280"]
[Annotator "TA"]
[PlyCount "87"]
[EventDate "2017.??.??"]
[EventType "swiss"]
[EventCountry "ROU"]
[SourceTitle "playchess.com"]
[Source "ChessBase"]
[SourceQuality "1"]

{[%evp 13,87,-28,2,-12,19,-12,5,-9,-5,-81,7,-94,13,9,2,10,33,73,93,89,90,-18,-20,-14,-16,-12,-26,-225,-228,-231,-218,-226,-224,-280,-220,-231,-217,-223,-218,-377,-366,-345,-327,-373,-388,-391,-389,-390,-381,-391,-389,-387,-379,-375,-360,-357,-347,-396,-370,-422,-383,-494,-480,-629,-627,-577,-591,-771,-772,-831,-762,-1022,-1012,-877,-845,-1292]} 1. b3 e5 2. Bb2 Nc6 3. g3 g6 (3... d5 4. Bg2 Nf6 5. e3 Be7 6. d3 Be6 7. Ne2 O-O 8. Nd2 a5 9. a3 Qd7 10. h3 d4 11. e4 g6 12. f4 exf4 13. gxf4 {½-½ (42) Kamsky,G (2762)-Grischuk,A (2764) Beijing 2012}) 4. Bg2 Bg7 5. d3 Nge7 6. e3 {A01: Nimzowitsch-Larsen Opening} O-O 7. Ne2 $146 ({Predecessor:} 7. Nd2 d6 8. Ne2 {½-½ (8) Frey Beckman,K (2405)-Espinosa Flores,R (2406) Merida 2000}) 7... d6 {LiveBook: 4 Games} 8. O-O {The position is equal.} Be6 9. h3 f5 10. Nd2 (10. d4 $5 {[%cal Rd4d5]} e4 11. c4 $11) 10... Qd7 11. c4 (11. h4 $11) 11... Rad8 (11... f4 $1 $17 {[%cal Rf4e3] Hoping for ...fxe3.} 12. exf4 Bxh3) 12. Qc2 {[#]} (12. d4 $11 d5 13. dxe5) 12... Bf7 ({Better is} 12... f4 $1 $17 {Threatens to win with ...fxe3.} 13. g4 h5 14. exf4 hxg4 15. hxg4 Bxg4) 13. Rad1 $11 h6 14. f4 d5 (14... b5 $5) 15. Nf3 {[%cal Rf3e5]} dxc4 16. dxc4 Qe6 17. a3 (17. Qc3 $16) 17... e4 18. Nfd4 Nxd4 19. Nxd4 Qb6 20. Kh1 $2 (20. c5 $11 Qa6 21. Rfe1) 20... c5 $19 21. Nb5 {[#]} Bxb2 $1 22. Qxb2 a6 23. Qe5 Nc6 ({Don't take} 23... axb5 24. Qxe7 bxc4 25. bxc4 $17) 24. Qc7 Qxc7 25. Nxc7 Na5 26. Rfe1 $2 (26. g4 {was worth a try.}) 26... Nxb3 27. Bf1 Nd2 28. Nd5 Nxf1 29. Rxf1 Bxd5 30. cxd5 {[%mdl 4096] Endgame KRR-KRR} Rd6 31. Rd2 Rfd8 32. Rfd1 b5 33. Kg2 Kf7 34. Kf2 R8d7 35. Ke2 Ke7 36. Ke1 Kd8 37. Ke2 Kc7 {Black is clearly winning.} 38. Ke1 Kb6 39. g4 c4 40. gxf5 gxf5 41. Rg2 Rxd5 42. Rxd5 Rxd5 43. Rg6+ Kb7 44. Kf2 {Precision: White = 31%, Black = 65%.} 0-1

[Event "EYCC 2017"]
[Site "Mamaia"]
[Date "2017.09.09"]
[Round "5"]
[White "Avetisyan, Mariam"]
[Black "Kubicka, Anna"]
[Result "1/2-1/2"]
[WhiteElo "1976"]
[BlackElo "2221"]
[Annotator "TA"]
[PlyCount "138"]
[EventDate "2017.??.??"]
[EventType "swiss"]
[EventCountry "ROU"]
[SourceTitle "playchess.com"]
[Source "ChessBase"]
[SourceQuality "1"]

{[%evp 16,138,54,54,62,56,78,77,71,51,56,31,43,-7,0,-31,99,69,124,116,129,108,116,100,122,64,98,70,103,0,34,-29,-15,-16,0,-127,-127,-110,-116,-112,-111,-106,-109,-140,-36,-20,-39,-38,-43,-133,-125,-120,-120,-127,-127,-120,-55,-77,-50,-170,-152,-141,-135,-116,-147,-143,-143,-140,-113,-113,-46,-45,-49,-46,-72,-75,-70,-90,-66,-128,-139,-189,-46,-132,-135,-176,-70,-62,-52,-69,-33,-30,-30,-32,0,0,0,0,0,0,139,0,0,0,0,0,0,0,0,0,0,0,0,0,0,0,0,0,0,0,0,0,0,0,0]} 1. d4 Nf6 2. Nf3 c5 3. d5 d6 4. Nc3 g6 5. e4 Bg7 6. Bb5+ Nbd7 7. a4 O-O 8. O-O {A43: Schmid Benoni} a6 9. Bd3 {LiveBook: 3 Games} Ng4 $146 ({Predecessor:} 9... Rb8 10. Bg5 Ne8 11. h3 Nc7 12. Qd2 b5 13. axb5 axb5 14. Bh6 b4 15. Bxg7 Kxg7 {½-½ (33) Smithers,S (2458)-Branding,G (2511) ICCF email 1999}) 10. Nd2 {White is slightly better.} Nge5 11. Be2 $1 g5 12. Nb3 h6 13. Be3 Ng6 14. g3 Nf6 15. f4 gxf4 (15... Bh3 $15 {keeps the upper hand.}) 16. gxf4 $16 e6 (16... Bd7 $14) 17. dxe6 fxe6 18. Kh1 b6 19. Rg1 Kh7 20. Qd3 (20. Qe1 $16) 20... Bb7 $14 21. Bf3 e5 22. f5 (22. Raf1 $16) 22... Nh4 $1 {[%cal Rh4f3]} 23. Raf1 (23. Nd2 $14) 23... c4 $11 24. Qxc4 Rc8 25. Qe2 (25. Qd3 $11 {was the only way to keep the balance.}) 25... Rxc3 26. bxc3 Nxf3 27. Rxf3 Nxe4 28. Qg2 {[%csl Gg1][%cal Rg2g7]} Ng5 29. Nd2 {[#]} Rf7 (29... Rxf5 $1 $17 {[%mdl 512]} 30. Rxf5 Bxg2+ 31. Rxg2 Qd7) 30. Bxg5 $15 Qxg5 31. Qxg5 hxg5 32. Rxg5 (32. Rg2 $1 $15) 32... Bh6 $1 $36 {[%cal Rh6g5][%mdl 2048] Black is in control.} 33. Rh5 Kg7 34. Kg1 Bxd2 35. Rd3 Bf4 (35... Bc1 $1 $17 {[%cal Rc1a3]} 36. Rxd6 Be4 37. Rg6+ Kf8) 36. Rxd6 $15 Be4 37. a5 (37. Rg6+ $1 $15 Kf8 38. Rh8+ Ke7 39. Kf2) 37... bxa5 38. Rg6+ Kf8 39. Rh8+ Ke7 40. Re6+ Kd7 41. Rxa6 Be3+ 42. Kf1 Bf3 ({Don't play} 42... Bxc2 $6 43. Ke2 $15) ({Black should play} 42... Bd5 $17 {White must now prevent ...Bc4+.} 43. Rxa5 Bc4+ 44. Kg2 Rxf5) 43. f6 $1 Bc6 44. Rxa5 Rxf6+ 45. Ke2 Bf4 {[%mdl 1024] Black has strong compensation.} 46. Rh7+ Kd6 47. h4 (47. Kd3 $15) 47... Rg6 $17 48. Rf7 Rg2+ (48... Ke6 $1 $19 49. Rfa7 Kf5 50. Rf7+ Kg4) 49. Kd3 (49. Kf1 $1 $15 Rg6 50. h5) 49... Ke6 50. Rf8 {[#]} Rg3+ (50... Bd5 $1 $19 {[%csl Gf4][%cal Rg2d2]} 51. Ra6+ Ke7 52. Rxf4 Rg3+ 53. Ke2 exf4) 51. Kc4 $15 Bd2 52. Ra3 Bd5+ 53. Kc5 Be3+ 54. Kb5 Rg1 {aiming for ...Rb1+.} 55. c4 Rb1+ 56. Rb3 Rxb3+ 57. cxb3 Bg2 {[#]} (57... Ke7 $1 $11 58. Rf5 Ke6) 58. h5 (58. Re8+ $1 $16 Kf5 59. c5 Bf1+ 60. Kb6) 58... Ke7 $11 {The position is equal.} 59. Rh8 {Hoping for h6.} e4 60. h6 Bd4 61. Rg8 Bf3 62. h7 e3 {...e2 is the strong threat.} 63. Rg1 e2 {Threatens to win with ...Kf7.} 64. Re1 Kf7 {Strongly threatening ...Kg7.} (64... Kf8 $5 65. c5 $8 Kg7 $11) 65. c5 Kg7 {And now ...Bf2 would win.} 66. c6 Be5 $1 67. Kb6 Bd4+ 68. Kb5 Be5 $1 69. Kb6 Bd4+ {Precision: White = 44%, Black = 58%.} 1/2-1/2

[Event "EYCC 2017"]
[Site "Mamaia"]
[Date "2017.09.09"]
[Round "5"]
[White "Jarocka, Liwia"]
[Black "Koubova, Anna Marie"]
[Result "1/2-1/2"]
[WhiteElo "1970"]
[BlackElo "1805"]
[Annotator "NA"]
[PlyCount "67"]
[EventDate "2017.??.??"]
[EventType "swiss"]
[EventCountry "ROU"]
[SourceTitle "playchess.com"]
[Source "ChessBase"]
[SourceQuality "1"]
[TimeControl "40/5400+30:1800+30"]

1. e4 {[%emt 0:00:00]} c5 {[%emt 0:00:07]} 2. Nf3 {[%emt 0:00:00]} e6 {[%emt 0:00:06]} 3. d4 {[%emt 0:00:00]} cxd4 {[%emt 0:00:17]} 4. Nxd4 {[%emt 0:00:00]} Nf6 {[%emt 0:00:07]} 5. Nc3 {[%emt 0:00:10]} Nc6 {[%emt 0:00:07]} 6. a3 {[%emt 0:00:16]} Be7 {[%emt 0:01:08]} 7. Nxc6 {[%emt 0:01:01] B45: Sicilian Four Knights} bxc6 {[%emt 0:00:49]} 8. e5 {[%emt 0:01:07]} Nd5 {[%emt 0:00:20]} 9. Qg4 {[%emt 0:02:10]} g6 {[%emt 0:06:07]} 10. Ne4 {[%emt 0:00:24]} f5 $146 {[%emt 0:02:16]} ({Predecessor:} 10... d6 11. Nxd6+ Bxd6 12. exd6 Qxd6 13. Qg3 Qxg3 14. hxg3 e5 {1-0 (57) Short,N (2646)-Alfaya Marcelo,R (2097) Madrid 2016}) 11. exf6 {[%emt 0:00:17]} Nxf6 {[%emt 0:00:19]} 12. Nxf6+ {[%emt 0:00:34]} Bxf6 {[%emt 0:00:14]} 13. Bd3 {[%emt 0:01:26]} Qe7 {[%emt 0:13:01]} 14. O-O {[%emt 0:02:32]} O-O {[%emt 0:00:36]} 15. c3 {[%emt 0:04:32]} d5 {[%emt 0:05:04]} 16. Bh6 {[%emt 0:04:31]} Rf7 {[%emt 0:00:54]} 17. Be3 {[%emt 0:05:09]} e5 {[%emt 0:12:05]} 18. Qa4 {[%emt 0:02:38]} Bd7 {[%emt 0:06:36]} 19. Qc2 {[%emt 0:04:36]} e4 {[%emt 0:04:46]} 20. Be2 {[%emt 0:00:42]} Be5 {[%emt 0:01:05]} 21. Bd4 {[%emt 0:04:35]} Bd6 {[%emt 0:01:39]} 22. b4 {[%emt 0:01:30]} Qh4 {[%emt 0:04:39]} 23. g3 {[%emt 0:00:39]} Qh3 {[%emt 0:01:17]} 24. Rfe1 {[%emt 0:01:35]} Bg4 {[%emt 0:04:39]} 25. c4 {[%emt 0:04:14]} Bxe2 {[%emt 0:17:25]} 26. Qxe2 {[%emt 0:01:28]} Rf5 {[%emt 0:02:15]} 27. Qf1 {[%emt 0:03:13]} Qxf1+ {[%emt 0:00:46]} 28. Kxf1 {[%emt 0:00:22]} Be5 {[%emt 0:00:38]} 29. Rad1 {[%emt 0:05:13]} Bxd4 {[%emt 0:03:17]} 30. Rxd4 {[%emt 0:00:07]} Raf8 {[%emt 0:00:17]} 31. Rd2 {[%emt 0:00:57]} Kf7 {[%emt 0:00:52]} 32. b5 {[%emt 0:07:22]} cxb5 {[%emt 0:02:16]} 33. cxd5 {[%emt 0:06:31]} Rd8 $11 {[%emt 0:02:18]} 34. d6 {[%emt 0:11:26]} 1/2-1/2

[Event "EYCC 2017"]
[Site "Mamaia"]
[Date "2017.09.09"]
[Round "5"]
[White "Davtyan, Arsen"]
[Black "Tsvetkov, Andrey"]
[Result "0-1"]
[WhiteElo "1969"]
[BlackElo "2219"]
[Annotator "TA"]
[PlyCount "106"]
[EventDate "2017.??.??"]
[EventType "swiss"]
[EventCountry "ROU"]
[SourceTitle "playchess.com"]
[Source "ChessBase"]
[SourceQuality "1"]

{[%evp 22,106,-5,-54,12,-12,-17,-17,27,4,3,-49,-43,-43,-47,-66,0,-48,-56,-83,-50,-66,-56,-54,-55,-55,-56,-102,-102,-109,-90,-95,-73,-79,-80,-66,-69,-83,-64,-71,-71,-75,-78,-118,-120,-252,-133,-127,-58,-87,-42,-62,-60,-37,0,-203,-189,-193,-197,-232,-222,-385,-388,-443,-439,-429,-429,-450,-425,-477,-392,-773,-762,-692,-640,-745,-727,-29974,-29975,-29976,-29977,-29976,-29977,-29975,-29976,-6087,-6075]} 1. c4 c6 2. e4 d5 3. cxd5 cxd5 4. exd5 Nf6 5. Qa4+ Nbd7 6. Nc3 g6 7. Bc4 Bg7 8. Nf3 {B10: Caro-Kann: 2 d3 and 2 c4} O-O 9. d3 a6 10. Qa3 b6 {[%cal Bb7b6,Bb6b5][%mdl 32]} 11. O-O Bb7 12. Be3 {LiveBook: 8 Games} Re8 (12... b5 $15 13. Bb3 a5 14. Nxb5 Nxd5) 13. Rfe1 b5 14. Bb3 Bf8 {aiming for ...e6.} (14... Nb6 15. Bxb6 Qxb6 {0-1 (36) Bortnyk,O (2579)-Grischuk,A (2747) ICC INT 2016}) 15. Ng5 Ne5 $146 ({Find the theoretical novelty and annotate with similar games:} 15... Nb6 16. Bxb6 Qxb6 {1-0 (34) Torosyan,N (2319)-Ebralidze,A (2157) Batumi 2014}) 16. Bc5 (16. Bd4 $11 Nxd3 17. d6) 16... Nxd3 $15 17. Re3 Nxc5 18. Qxc5 Qd6 ({Better is} 18... Ng4 $15 19. Rg3 e6) 19. Qxd6 (19. Qd4 $5 {[%cal Re3f3]}) 19... exd6 20. Rae1 Bh6 (20... Rxe3 {with more complications.} 21. Rxe3 Bg7 22. Re2 h6 23. Nge4 Nxe4 24. Nxe4 Rd8) 21. h4 Kf8 22. Rxe8+ Rxe8 23. Rxe8+ Kxe8 24. a3 Bg7 25. Kf1 Ke7 26. Ke2 h6 27. Nf3 Nd7 28. Ke3 f5 29. g3 Nc5 30. Ba2 Bxc3 $1 31. bxc3 $17 {[%mdl 4096] Endgame [#] KBN-KBN} Ne4 $1 32. Kd4 Nxf2 33. Bb1 {[#]} (33. Nd2 $17 {might work better.}) 33... Kf6 (33... Nh1 $1 $19 34. h5 g5 35. Bxf5 Nxg3) 34. Nd2 Ng4 (34... Nh1 $17 35. Nf1 Bc8) 35. c4 $15 Ne5 {...Nxc4 is the strong threat.} 36. c5 dxc5+ 37. Kxc5 Ke7 {Hoping for ...Nd7+.} 38. Ba2 $2 (38. d6+ $11 {and White stays safe.} Ke6 39. Kb6) 38... Nd7+ $19 39. Kd4 Kd6 40. Nf3 Ba8 41. Ne1 $2 (41. Bb3) 41... Nf6 42. Nd3 Bxd5 43. Bxd5 Nxd5 {KN-KN} 44. Nc5 Nf6 45. Nxa6 Nh5 46. g4 $2 (46. Nc5) 46... fxg4 47. Ke4 Nf6+ 48. Kf4 h5 49. Kg3 Nd5 50. Kg2 Kc6 51. Nb8+ Kc7 52. Na6+ Kb6 53. Nb8 Nf6 {Precision: White = 30%, Black = 67%.} 0-1

[Event "EYCC 2017"]
[Site "Mamaia"]
[Date "2017.09.09"]
[Round "5"]
[White "Turan, Asim"]
[Black "Erenberg, Ariel"]
[Result "1/2-1/2"]
[WhiteElo "1956"]
[BlackElo "2386"]
[Annotator "TA"]
[PlyCount "73"]
[EventDate "2017.??.??"]
[EventType "swiss"]
[EventCountry "ROU"]
[SourceTitle "playchess.com"]
[Source "ChessBase"]
[SourceQuality "1"]

{[%evp 16,73,7,-21,14,14,14,13,11,11,11,16,29,22,28,28,26,20,21,14,32,28,41,12,27,7,49,57,72,75,83,58,123,24,38,23,32,21,20,23,20,21,195,151,264,0,0,0,0,0,0,0,0,0,0,0,0,0,0,0]} 1. d4 Nf6 2. c4 e6 3. Nf3 b6 4. g3 Bb4+ 5. Nbd2 {[%cal Bb1d2,Bd2f3,Bf3e5][%mdl 32]} Bb7 6. Bg2 O-O 7. O-O Re8 8. Qc2 {E16: Queen's Indian: 4 g3 Bb7 5 Bg2 Bb4+} (8. a3 Bf8 9. e4 d6 10. e5 dxe5 11. dxe5 Nfd7 12. Qc2 Nc6 13. Ne4 h6 14. Rd1 Qc8 15. Bf4 Nc5 16. Nxc5 bxc5 {1-0 (53) Artemiev,V (2674)-Antipov,M (2573) Moscow 2016}) 8... d5 9. Ne5 {LiveBook: 5 Games} Nbd7 10. Ndf3 Nxe5 11. Nxe5 Bd6 12. Nd3 c6 $146 ({Find the theoretical novelty and annotate with similar games:} 12... a5 13. cxd5 Bxd5 14. f3 Bb7 15. e4 Nd7 {1-0 (51) Dizdar,G (2550)-Eisterer,H (2385) Vienna 1997}) 13. b3 {[%cal Bb2b3,Bb3b4,Bb4c5][%mdl 32]} Rc8 14. Bb2 Qe7 15. c5 Bb8 16. b4 Ba6 17. Rfd1 Nd7 18. a4 bxc5 19. Nxc5 (19. bxc5 {feels hotter.} h5 20. Rab1 h4 21. e4 Qg5 22. Bc3) 19... Nxc5 20. bxc5 e5 21. e4 exd4 {[%cal Rd5e4]} 22. exd5 cxd5 23. Bxd4 Bc4 {[#]} (23... Be5 $14) 24. Rab1 ({White should try} 24. Bh3 $1 $16) 24... Be5 $11 25. Re1 Qc7 $1 26. Qc3 Bxd4 27. Rxe8+ Rxe8 28. Qxd4 Qa5 $2 (28... Rd8 $11) 29. h4 $18 h5 {[#]} (29... Re1+ $16 {was worth a try.} 30. Rxe1 Qxe1+ 31. Kh2 g6) 30. Bxd5 $2 ({Only move:} 30. c6 $1 $18) 30... Re1+ $11 {The position is equal.} 31. Rxe1 Qxe1+ 32. Kh2 Bxd5 33. Qxd5 {Kg2 is the strong threat.} Qxf2+ 34. Kh1 Qf1+ 35. Kh2 Qf2+ 36. Kh1 Qf1+ 37. Kh2 {Precision: White = 51%, Black = 40%.} 1/2-1/2

[Event "EYCC 2017"]
[Site "Mamaia"]
[Date "2017.09.09"]
[Round "5"]
[White "Maurizzi, Marc Andria"]
[Black "Klimkowski, Jan"]
[Result "1-0"]
[WhiteElo "1947"]
[BlackElo "1761"]
[Annotator "NA"]
[PlyCount "57"]
[EventDate "2017.??.??"]
[EventType "swiss"]
[EventCountry "ROU"]
[SourceTitle "playchess.com"]
[Source "ChessBase"]
[SourceQuality "1"]
[TimeControl "40/5400+30:1800+30"]

1. e4 c5 2. Nc3 Nc6 3. Nf3 g6 4. Bb5 Bg7 5. O-O Nd4 6. Ba4 Rb8 7. Nxd4 cxd4 8. Ne2 b5 9. Bb3 Bb7 10. d3 d5 11. Ng3 dxe4 12. Nxe4 Nf6 13. Nxf6+ Bxf6 14. Bh6 e6 15. a4 b4 16. a5 Bc6 17. Qg4 Bd5 18. Ba4+ Ke7 19. Bg5 Bxg5 20. Qxg5+ f6 21. Qh4 Ba8 22. Rfe1 Qd5 23. f3 g5 24. Qh6 e5 25. Bb3 Qd8 26. Rxe5+ Kd7 27. Qg7+ Kc6 28. Re6+ Kc5 29. Qxa7+ {Kd5} 1-0